Wszyscy goście w piosenkach Białasa. - Statystyki

Ogólne statystyki
  • Ten quiz został rozwiązany 186 razy
  • Średni wynik to 17 z 33
Statystyki odpowiedzi
Piosenka Gość % Poprawnych
Na serio, Melex, Patrzcie idzie frajer, Zło Jest Wszędzie, Morfina Bedoes
98%
Drift, PDW Mata
94%
Do grobu, Znam Cię, Tracimy kontrolę Solar
94%
Smutne Miasteczko, Sępy Szpaku
93%
Złote serca, Ganges Quebonafide
89%
Trap House, Sweet Home White 2115
89%
Swoosh Gang Pezet
84%
Tracimy kontrolę, Pasy Beteo
80%
Toniemy Smolasty
77%
Karate Kid Malik Montana
73%
To jest hip-hop, Ale ja nie Paluch
72%
Noah, Mali ludzie, wielkie nieba Zui
71%
Nie Chcę Być Jak Tata Żabson
70%
Ból Dupy ADM
69%
Potępiony Kara
64%
Desperados Blacha
56%
Love Air Jan-rapowanie
56%
Medusa Avi
48%
Bida Sitek
41%
Medusa Louis Villain
34%
Znam Cię PlanBe
34%
Mam dość (love yourz remix) Bonson
29%
Inwazja Grzegorz Ciechowski
27%
Do grobu Gedz
25%
Czekam na ciebie, Witam Cię 2k16 Zelo PTP
25%
Sheraton Flow Kaz Bałagane
19%
Wrum wrum Łuszy
18%
Kroki Danny
14%
6am in WWA Olka
12%
Art-Hop Marek Dyjak
11%
Intro-detoks-ja DJ Taek
10%
Rico Weed Carrier
10%
Art-Hop Anna Radziejewska
9%
Nie znaleziono quizów pasujących do podanych kryteriów
Rozkład punktacji
Procent ludzi z każdym wynikiem
Percentyl według liczby udzielonych odpowiedzi
Twoja historia wyników
Nie rozwiązałeś tego quizu